Serie B Champions - Statistics

General Stats
  • This quiz has been taken 97 times
  • The average score is 56 of 90
Answer Stats
Year Team % Correct
2006-2007 Juventus
99%
1949-1950 Napoli
93%
1968-1969 Lazio
89%
1951-1952 Roma
89%
1931-1932 Palermo
87%
1947-1948 Palermo
87%
1967-1968 Palermo
87%
2003-2004 Palermo
87%
2013-2014 Palermo
87%
1955-1956 Udinese
86%
1978-1979 Udinese
86%
1952-1953 Genoa
84%
1961-1962 Genoa
84%
1972-1973 Genoa
84%
1975-1976 Genoa
84%
1988-1989 Genoa
84%
2004-2005 Genoa
84%
1980-1981 Milan
84%
1982-1983 Milan
84%
1966-1967 Sampdoria
84%
1933-1934 Sampierdarenese
84%
2015-2016 Cagliari
83%
1930-1931 Fiorentina
83%
1938-1939 Fiorentina
83%
1993-1994 Fiorentina
83%
1959-1960 Torino
83%
1989-1990 Torino
83%
2000-2001 Torino
83%
1941-1942 Bari
82%
2008-2009 Bari
82%
1939-1940 Atalanta
80%
1958-1959 Atalanta
80%
1983-1984 Atalanta
80%
2005-2006 Atalanta
80%
2010-2011 Atalanta
80%
1987-1988 Bologna
76%
1995-1996 Bologna
76%
1964-1965 Brescia
74%
1991-1992 Brescia
74%
1996-1997 Brescia
74%
1934-1935 Genova 1893
74%
1953-1954 Catania
70%
2007-2008 Chievo
68%
2009-2010 Lecce
67%
2012-2013 Sassuolo
67%
1960-1961 Venezia
64%
1965-1966 Venezia
64%
1956-1957 Verona
61%
1981-1982 Verona
61%
1998-1999 Verona
61%
1932-1933 Livorno
59%
1936-1937 Livorno
59%
1984-1985 Pisa
59%
1948-1949 Como
58%
1979-1980 Como
58%
2001-2002 Como
58%
1986-1987 Pescara
57%
2011-2012 Pescara
57%
1946-1947 Salernitana
54%
1997-1998 Salernitana
54%
1999-2000 Vicenza
54%
1950-1951 SPAL
53%
2016-2017 SPAL
53%
1962-1963 Messina
51%
1937-1938 Modena
50%
1942-1943 Modena
50%
1974-1975 Perugia
50%
1947-1948 Padova
49%
1992-1993 Reggiana
47%
1977-1978 Ascoli
46%
1985-1986 Ascoli
46%
2002-2003 Siena
43%
2014-2015 Carpi
42%
1990-1991 Foggia
42%
1957-1958 Triestina
42%
1994-1995 Piacenza
38%
1947-1948 Novara
37%
1945-1946 Alessandria
30%
1946-1947 Pro Patria
29%
1971-1972 Ternana
29%
1970-1971 Mantova
28%
1929-1930 Casale
24%
1963-1964 Varese
20%
1969-1970 Varese
20%
1973-1974 Varese
20%
1935-1936 Lucchese
17%
1946-1947 Lucchese
17%
1940-1941 Liguria
8%
1954-1955 Lanerossi Vicenza
0%
1976-1977 Lanerossi Vicenza
0%
No matching quizzes found
Score Distribution
Percent of People with Each Score
Percentile by Number Answered
Your Score History
You have not taken this quiz